000
00290nam a2200097Ia 4500
001
650188
005
20250826154354.0
008
250824s9999 xx 000 0 und d
245
0
_a
DEĞİRMENİMDEN MEKTUPLAR ANTİK OKUL KLASİKLERİ
_c
ALPHONSE DAUDET
260
_b
ANTİK DÜNYA KLASİKLERİ
999
_c
650188
_d
650188